Huit questions de poétique
Gespeichert in:
| 1. Verfasser: | |
|---|---|
| Format: | Buch |
| Sprache: | Undetermined |
| Veröffentlicht: |
París, Francia
Editions du Seuil
1977
|
| Schlagworte: | |
| Tags: |
Tag hinzufügen
Keine Tags, Fügen Sie den ersten Tag hinzu!
|
MARC
| LEADER | 00000nam a2200000Ia 4500 | ||
|---|---|---|---|
| 008 | 170316s9999 xx 000 0 und d | ||
| 090 | |a 801 J-2h | ||
| 100 | |a Jakobson, Roman | ||
| 245 | |a Huit questions de poétique | ||
| 260 | |a París, Francia | ||
| 260 | |b Editions du Seuil | ||
| 260 | |c 1977 | ||
| 300 | |a 188 páginas | ||
| 650 | |a TEORÍA LITERARIA | ||
| 650 | |a LITERTURA | ||
| 650 | |a POESÍA-TEORÍA | ||
| 650 | |a LA PROSA | ||
| 999 | |c 20376 |d 20376 | ||
| 040 | |a cru BVZT | ||
| 942 | |c 15 D |h 801 J-2h |2 z | ||
